VfL Wolfsburg Squad 2018-2019 - Statistics

General Stats
  • This quiz has been taken 6 times
  • The average score is 16 of 30
Answer Stats
# Position Nation Player % Correct
23 MF France Josuha Guilavogui
100%
1 GK Belgium Koen Casteels
100%
27 MF Germany Maximilian Arnold
100%
9 FW Netherlands Wout Weghorst
100%
14 FW Switzerland Admir Mehmedi
80%
- Coach Germany Bruno Labbadia
80%
15 DF Guadeloupe Jérôme Roussillon
80%
25 DF United States John Brooks
80%
2 DF Brazil William
80%
4 MF Spain Ignacio Camacho
60%
5 DF Netherlands Jeffrey Bruma
60%
7 FW Croatia Josip Brekalo
60%
32 DF DR Congo Marcel Tisserand
60%
8 FW Switzerland Renato Steffen
60%
31 DF Germany Robin Knoche
60%
10 MF Turkey Yunus Mallı
60%
33 FW Germany Daniel Ginczek
40%
38 FW Belgium Ismail Azzaoui
40%
16 FW Poland Jakub Błaszczykowski
40%
21 FW Cameroon Paul-Georges Ntep
40%
3 DF Netherlands Paul Verhaegh
40%
12 GK Austria Pavao Pervan
40%
13 MF Germany Yannick Gerhardt
40%
37 MF Germany Elvis Rexhbeçaj
20%
11 FW Germany Felix Klaus
20%
24 DF Germany Sebastian Jung
20%
17 DF Germany Felix Uduokhai
0%
35 DF Germany Gian-Luca Itter
0%
34 FW Germany Marvin Stefaniak
0%
36 GK Germany Phillip Menzel
0%
No matching quizzes found
Score Distribution
Percent of People with Each Score
Percentile by Number Answered
Your Score History
You have not taken this quiz